Statistics for NCAA Teams in Connecticut

Click here to take the quiz!

General Stats

  • This quiz has been taken 119 times
  • The average score is 12 of 20

Answer Stats

DivisionConferenceMascotAnswer% Correct
Division IAACHuskiesUConn
100%
Division IIvy LeagueBulldogsYale
93%
Division INECBlue DevilsCentral Conn
81%
Division IIILittle EastColonialsWestern Conn
81%
Division IINE-10OwlsSouthern Conn
76%
Division IMAACBobcatsQuinnipiac
75%
Division IAmerica EastHawksHartford
73%
Division IIILittle EastWarriorsEastern Conn
71%
Division INECPioneersSacred Heart
69%
Division IMAACStagsFairfield
69%
Division IINE-10ChargersNew Haven
59%
Division IIECCPurple KnightsBridgeport
54%
Division IIINESCACCamelsConnecticut College
49%
Division IIINESCACBantamsTrinity
46%
Division IIINESCACCardinalsWesleyan Univ.
44%
Division IIINECCMarinersMitchell
32%
Division IIIGNEACBlue JaysSt. Joseph
32%
Division IICACCEaglesPost
29%
Division IIIGNEACFalconsAlbertus Magnus
27%
Division IIINEWMACBearsCoast Guard
27%

Score Distribution

Percentile by Number Answered

Percent of People with Each Score

Your Score History

You have not taken this quiz